Parole l'air du vent de Pocahontas (disney) - Statistiques

Statistiques générales
  • Ce quiz a été pris 1 673 fois
  • Le résultat moyen est 258 sur 303
Statistiques - réponses
Hint Réponse % Correct
85 | 113 | 120 | +3 others d'
99%
5 | 62 | 78 | +7 others l'
99%
94 | 229 à
98%
194 a
98%
8 | 38 Tu
98%
23 | 103 | 107 | +4 others tu
98%
11 | 34 | 54 | +9 others de
97%
36 De
97%
41 | 60 | 142 | +6 others la
97%
181 | 207 La
97%
25 | 83 | 118 | +2 others le
97%
189 Le
97%
49 | 193 | 284 n'
97%
51 | 255 qu'
97%
106 Es
96%
64 | 73 | 92 | +3 others et
96%
254 Et
96%
29 | 40 | 59 | +4 others que
96%
90 | 104 te
96%
2 | 47 | 77 toi
96%
112 toi,
96%
98 | 147 | 157 | +2 others en
95%
272 En
95%
3 | 14 | 57 | 198 je
95%
12 ma
95%
1 | 46 | 76 Pour
95%
7 sauvage.
95%
27 sauvage
95%
122 | 152 | 162 | +2 others du
94%
50 | 285 est
94%
65 | 139 | 166 | +2 others les
94%
128 | 244 Les
94%
9 me
94%
95 ta
94%
42 | 182 | 283 terre
94%
52 | 71 | 74 | 225 un
94%
48 ce
93%
75 coeur.
92%
15 | 39 crois
92%
20 | 100 | 165 dans
92%
224 Dans
92%
72 esprit
92%
18 | 97 | 281 Mais
92%
55 | 287 poussière.
92%
19 | 88 si
92%
4 | 199 suis
92%
151 | 161 | 252 | +2 others air
91%
109 | 133 | 220 au
91%
86 | 291 homme
91%
67 | 70 | 249 ont
91%
153 | 163 vent ?
91%
280 vent.
91%
303 vent
91%
45 entière.
90%
80 ne
90%
53 tapis
90%
44 toute
90%
68 | 200 | 227 une
90%
69 vie,
90%
180 vie.
90%
32 | 212 sont
89%
127 amour.
88%
119 chant
88%
89 | 241 | 294 il
88%
56 Moi
88%
124 qui
88%
58 sais
88%
108 sûr,
88%
114 avoir
87%
258 couleur
87%
130 | 202 | 205 | 222 des
87%
96 façon.
87%
135 jour.
87%
123 loup
87%
84 nom
87%
102 | 195 pas
87%
93 pense
87%
115 raison ?
87%
136 Entends
86%
110 fond
86%
63 oiseau
86%
81 porte
86%
66 fleurs
85%
143 montagne ?
85%
271 montagne.
85%
105 questionnes.
85%
261 peau.
84%
134 petit
84%
91 ressemble
84%
101 | 185 | 187 ses
84%
79 étranger
83%
148 | 158 | 298 mille
83%
35 nuages
83%
37 nuages.
83%
43 t'appartient
83%
30 tes
83%
21 ton
83%
99 marchant
82%
26 mot
82%
10 parles
82%
28 c'est
81%
149 | 159 | 299 couleurs
81%
33 remplis
81%
31 yeux
81%
13 différence
80%
22 langage
80%
146 | 156 | 276 | 296 peindre
80%
132 sauvages
80%
131 chats
79%
121 espoir
79%
125 meurt
79%
6 ignorante
77%
17 malveillance.
77%
16 sans
77%
140 esprits
76%
214 amis
75%
213 mes
75%
144 | 154 Peux
75%
208 loutre
74%
24 emploies
73%
211 héron
73%
129 pleurs
73%
221 fil
72%
174 | 183 | 216 nous
72%
262 Nous
72%
61 pierre
72%
138 chanter
71%
239 aigle
70%
201 fille
69%
248 nature
69%
206 rivières.
69%
172 lumière.
67%
169 or
67%
240 royal,
67%
250 besoin
66%
253 pur.
66%
237 Comme
65%
167 forêts
65%
256 importe
65%
188 mystères.
65%
116 Comprends
64%
233 haut
64%
197 prix
64%
218 | 264 tous
64%
186 trésors,
64%
184 offre
63%
245 créatures
62%
176 fruits
62%
243 impérial.
62%
231 infini
62%
260 leur
62%
228 ronde
62%
191 ici
61%
203 torrents
61%
192 bas
60%
190 bonheur
60%
164 Courons
60%
223 jours.
60%
177 murs
59%
173 Partageons
59%
295 peut
59%
219 ensemble
57%
226 cercle,
56%
242 trône
56%
288 Tant
55%
292 ignore
54%
293 comment
49%
263 chantons
47%
236 dort.
45%
275 pouvoir
43%
204 soeurs
42%
273 rêvant
41%
268 chansons
35%
235 sycomore
33%
217 tournons
29%
266 choeurs
20%
Aucun quiz correspondant
Distribution des résultats
% des personnes avec chaque résultat
Percentile par nombre de réponses
Votre historique - résultats
Vous n’avez pas pris ce quiz